Methods of regional analysis <an> introduction to regional science

Enregistré dans:
Détails bibliographiques
Auteur principal: Isard, Walter
Format: Livre
Langue:anglais
Publié: Cambridge Massachusetts Institute of Technology 1960
Tags: Ajouter un tag
Pas de tags, Soyez le premier à ajouter un tag!

MARC

LEADER 00000nam a2200000 4500
001 c142494
005 20221207065841.2
041 0 |a eng 
044 |a US 
245 1 0 |a Methods of regional analysis  |b <an> introduction to regional science  |c Walter Isard 
264 1 |a Cambridge  |b Massachusetts Institute of Technology  |c 1960 
300 |a 784 s. 
100 1 |a Isard, Walter